Comparative politics in transition / (Record no. 5798)

MARC details
000 -LEADER
fixed length control field 00823nam a22002775a 4500
005 - DATE AND TIME OF LATEST TRANSACTION
control field 20150817104022.0
008 - FIXED-LENGTH DATA ELEMENTS--GENERAL INFORMATION
fixed length control field 150812b xxu||||| |||| 00| 0 eng d
010 ## - LIBRARY OF CONGRESS CONTROL NUMBER
LC control number 2005937014
020 ## - INTERNATIONAL STANDARD BOOK NUMBER
International Standard Book Number 0495007609
020 ## - INTERNATIONAL STANDARD BOOK NUMBER
International Standard Book Number 9780495007609
040 ## - CATALOGING SOURCE
Original cataloging agency EG-ScBUE
Language of cataloging eng
Transcribing agency EG-ScBUE
082 04 - DEWEY DECIMAL CLASSIFICATION NUMBER
Classification number 320.3
Item number MCC
Edition number 22
100 1# - MAIN ENTRY--PERSONAL NAME
Personal name McCormick, John.
245 10 - TITLE STATEMENT
Title Comparative politics in transition /
Statement of responsibility, etc John McCormick.
250 ## - EDITION STATEMENT
Edition statement 5th ed.
260 ## - PUBLICATION, DISTRIBUTION, ETC. (IMPRINT)
Place of publication, distribution, etc Belmont :
Name of publisher, distributor, etc Thomson/Wadsworth,
Date of publication, distribution, etc c.2007.
300 ## - PHYSICAL DESCRIPTION
Extent xx, 572 p. :
Other physical details ill., maps, photos ;
Dimensions 24 cm.
490 0# - Series Statement
Series statement New horizons in comparative politics
500 ## - GENERAL NOTE
General note Include indexes.
504 ## - BIBLIOGRAPHY, ETC. NOTE
Bibliography, etc Bibliography : p. 539-557.
590 ## - LOCAL NOTE (RLIN)
Local note Doha Ragab
650 #0 - SUBJECT ADDED ENTRY--TOPICAL TERM
Topical term or geographic name as entry element Comparative government.
Source of heading or term BUEsh
651 ## - SUBJECT ADDED ENTRY--GEOGRAPHIC NAME
Source of heading or term BUEsh
653 ## - INDEX TERM--UNCONTROLLED
Resource For college BAEPS, Political Science
Arrived date list August2015
942 ## - ADDED ENTRY ELEMENTS (KOHA)
Item type NB - Book (Non borrowing)
Source of classification or shelving scheme Dewey Decimal Classification
Holdings
Withdrawn status Item status Damaged status Not for loan Home library Current library Shelving location Date acquired Source of acquisition Cost, normal purchase price Total Checkouts Full call number Barcode Checked out Date last seen Date last borrowed Cost, replacement price Koha item type Total Renewals Source of classification or shelving scheme Vendor
        Central Library Central Library First floor 05/11/2007 Purchase 180.00 1 320.3 MCC 000002844 22/09/2008 21/09/2008 21/09/2008 225.00 NB - Book (Non borrowing)      
        Central Library Central Library First floor 05/11/2007 Purchase 180.00 15 320.3 MCC 000002843   15/07/2025 26/10/2016 225.00 Book - Borrowing 11    
        Central Library Central Library First floor 05/11/2007 Purchase 180.00 10 320.3 MCC 000002842   15/07/2025 27/09/2016 225.00 Book - Borrowing 33    
        Central Library Central Library First floor 07/11/2005   180.00 1 320.3 MCC 000007472   15/07/2025 09/11/2017 225.00 Book - Borrowing 21 Dewey Decimal Classification